المتحف المصري : (Record no. 59788)
[ view plain ]
| 000 -الفاتح | |
|---|---|
| حقل البيانات ثابتة الطول | 00710nam a22002177a 4500 |
| 005 - وقت وتاريخ اخر تعامل مع التسجيلة | |
| رقم الضبط | 20240530110336.0 |
| 008 - عناصر البيانات ثابتة الطول - معلومات عامة | |
| حقل البيانات ثابتة الطول | 140928s2010 ua abf gr 000 0 ara d |
| 017 ## - رقم الايداع القانونى | |
| رقم الايداع القانونى | 4152/2010 |
| 020 ## - الرقم الدولى المعيارى للكتب | |
| الرقم الدولى المعيارى للكتاب | 97785296312 |
| 040 ## - مصدر الفهرسة | |
| وكالة الفهرسة الأصلية | EG-CaGPL |
| 082 04 - رقم تصنيف ديوى العشرى | |
| رقم الطبعة | 21 |
| رقم التصنيف | 342.012 |
| رقم المادة | H f |
| 100 0# - المدخل الرئيسى - إسم شخصى | |
| الإسم الشخصى | زاهى حواس |
| الدور | مؤلف |
| 245 1# - بيان العنوان | |
| العنوان | المتحف المصري : |
| بقية العنوان | منذ بد / |
| بيان المسئوليه,etc | تاليف تبايبليب ،تيلاتيالت ؛تقلابءرب |
| 250 ## - بيان الطبعة | |
| بيان الطبعة | ط1 |
| 300 ## - الوصف المادى | |
| التعداد | 123 ص ، |
| تفاصيل ماديه اخرى للوعاء | ايض ؛ |
| أبعاد الوعاء | 24 سم |
| 650 07 - المدخل الاضافى بالموضوع-مصطلح موضوعى | |
| مصطلح موضوعي | التعليم |
| التقسيم الفرعي الجغرافي | مصر |
| 651 07 - المدخل الاضافى بالموضوع - اسم جغرافى | |
| الاسم الجغرافي | مصر |
| التقسيم الفرعي الزمني | العصر الحديث |
| التقسيم الفرعي الجغرافي | تاريخ |
| 651 07 - المدخل الاضافى بالموضوع - اسم جغرافى | |
| الاسم الجغرافي | مصر |
| التقسيم الفرعي العام | الاحوال السياسية |
| التقسيم الفرعي الزمني | العصر الحديث |
| 653 ## - مصطلح تكشيفى غير مقيد | |
| مصطلح غير مقيد | ث |
| 942 ## - عناصر المدخل الإضافي( كوها) | |
| مصدر التصنيف او مخطط الترفيف | Dewey Decimal Classification |
| Koha [default] item type | كتاب |
| حالة التراجع | حالة الفقد | حالة تلف | ليس للاعارة | المكان المؤقت | الموقع الحالى | تاريخ الاكتساب | اجمالي اﻻعارات | رقم الطلب | الباركود | تاريخ اخر مشاهدة | تاريخ تفعيل السعر | نوع وعاء كوها |
|---|---|---|---|---|---|---|---|---|---|---|---|---|
| Lost | مكتبة القاهرة الكبرى | مكتبة القاهرة الكبرى | 09/28/2014 | 342.012 H f | 158724 | 09/28/2014 | 09/28/2014 | كتاب | ||||
| مكتبة القاهرة الكبرى | مكتبة القاهرة الكبرى | 09/28/2014 | 342.012 H f | 158725 | 09/28/2014 | 09/28/2014 | كتاب |

